ბათუმის შოთა რუსთაველის სახელმწიფო უნივერსიტეტის ბიბლიოთეკა

პირველად იყო მითი: წ. 1 / (ბიბ.ჩანაწერი № 52957)

000 -ლიდერი
ფიქსირებული სიგრძის საკონტროლო ველი 01023nam a2200265Ia 4500
001 - საკონტროლო ნომერი
საკონტროლო ველი 19988
003 - საკონტროლო ნომრის იდენტიფიკატორი
საკონტროლო ველი GE_BSU
005 - ბოლო ოპერაციის თარიღი და დრო
საკონტროლო ველი 20200526230649.0
008 - ფიქსირებული სიგრძის მონაცემთა ელემენტები - ზოგადი ინფორმაცია
ფიქსირებული სიგრძის საკონტროლო ველი 181216s2004||||ge |||||||||||||| ||geo||
020 ## - წიგნის საერთაშორისო სტანდარტული ნომერი
International Standard Book Number 9994021443
040 ## - კატალოგიზაციის წყარო
Transcribing agency GE_BSU
041 ## - ენის კოდი
Language code of text/sound track or separate title geo
080 ## - უნივერსალური ათობითი კლასიფიკაციის ინდექსი
Universal Decimal Classification number 821.353.1-394 მ-44
100 ## - მთავარი ჩანაწერი - პიროვნების სახელი
Personal name მახაჭაძე, შორენა
9 (RLIN) 3197
245 ## - ცნობა სათაურის შესახებ
Title პირველად იყო მითი: წ. 1 /
Statement of responsibility, etc შორენა მახაჭაძე ; რედ. თინა შიოშვილი.
264 ## - წარმოების, გამოცემის, დისტრიბუციის და სხვა ცნობები
გამოცემის, წარმოების, დისტრიბუციის... ადგილი ბათუმი :
გამოცემის, წარმოების, დისტრიბუციის... სახელწოდება გამ-ბა აჭარა,
გამოცემის, წარმოების, დისტრიბუციის... თარიღი 2004.
300 ## - ფიზიკური აღწერა
Extent 207გვ. ;
Dimensions 20 სმ.
501 ## - შენიშვნა თანმხლებ მასალაზე
With note პირთა საძიებ. გვ. : 198-207
653 ## - INDEX TERM--UNCONTROLLED
Uncontrolled term მითოლოგია
653 ## - INDEX TERM--UNCONTROLLED
Uncontrolled term პირველად იყო მითი
653 ## - INDEX TERM--UNCONTROLLED
Uncontrolled term ქართული მითოლოგია
700 ## - ADDED ENTRY--PERSONAL NAME
Personal name შიოშვილი, თინა
Relator term რედაქტორი
9 (RLIN) 1855
942 ## - ADDED ENTRY ELEMENTS (KOHA)
Koha item type წიგნი
Source of classification or shelving scheme
ეგზემპლარები
ჩამოწერის სტატუსი დაკარგული ეგზემპლარის სტატუსი კლასიფიკაციის წყარო ან თაროზე გაწყობის სქემა დაზიანების სტატუსი არ გაიცემა მუდმივი მდებარეობა (დაცვის ადგილი) ამჟამინდელი ადგილსამყოფელი თაროზე განთავსების ადგილი შეძენის თარიღი ღირებულება, შესყიდვის ნორმალური ფასი სრული შენახვის შიფრი შტრიხკოდი ბოლო ოპერაციის თარიღი ეგზემპლარის მიმდევრობითი ნომერი (კეტერი?) ფასის ძალაში შესვლის თარიღი ეგზემპლარის სახეობა საჯარო შენიშვნა
          ბათუმის შოთა რუსთაველის სახელმწიფო უნივერსიტეტის მთავარი ბიბლიოთეკა ბათუმის შოთა რუსთაველის სახელმწიფო უნივერსიტეტის მთავარი ბიბლიოთეკა წიგნსაცავი 2018-12-17 8.00 821.353.1-394 მ-44 52693 2018-12-17 52693 2018-12-17 წიგნი 8.00 ლ.
          ბათუმის შოთა რუსთაველის სახელმწიფო უნივერსიტეტის მთავარი ბიბლიოთეკა ბათუმის შოთა რუსთაველის სახელმწიფო უნივერსიტეტის მთავარი ბიბლიოთეკა წიგნსაცავი 2018-12-17 8.00 821.353.1-394 მ-44 52694 2018-12-17 52694 2018-12-17 წიგნი 8.00 ლ.
          ბათუმის შოთა რუსთაველის სახელმწიფო უნივერსიტეტის მთავარი ბიბლიოთეკა ბათუმის შოთა რუსთაველის სახელმწიფო უნივერსიტეტის მთავარი ბიბლიოთეკა წიგნსაცავი 2018-12-17 8.00 821.353.1-394 მ-44 58416 2018-12-17 58416 2018-12-17 წიგნი 8.00 ლ.